000 00818nam a2200181Ii 4500
003 JO-AjNU
008 230605s9999||||xx |||||||||||||| ||und||
040 _aJO-AjNU
_bara
_erda
_cJO-AjNU
041 _aara
050 1 4 _aHD5836.2014
100 3 _aالإمارات العربية المتحدة: مؤسسة محمد بن راشد آل مكتوم,
_eauthor
_948282
245 0 0 _aتقرير المعرفة العربي للعام 2014: الشباب وتوطين المعرفة، دولة الإمارات العربية المتحدة
264 3 1 _aالامارات العربية المتحدة: مؤسسة محمد بن راشد آل مكتوم، 2014
300 _a155ص
_bيشتمل على ملاحق
336 _atext
_btxt
_2rdacontent
337 _aunmediated
_bn
_2rdamedia
338 _avolume
_bnc
_2rdacarrier
999 _aA21133
_c24701
_d24701